000
00231nam a22000857a 4500
008
161206b xxu||||| |||| 00| 0 eng d
100
_9
1875
_a
Sharma. R. K
245
_a
Abc of Science and Technology
260
_a
New delhi
_b
Holy faith
_c
2006
999
_c
4625
_d
4625